<?xml version="1.0" encoding="UTF-8"?>
<record
    xmlns:xsi="http://www.w3.org/2001/XMLSchema-instance"
    xsi:schemaLocation="http://www.loc.gov/MARC21/slim http://www.loc.gov/standards/marcxml/schema/MARC21slim.xsd"
    xmlns="http://www.loc.gov/MARC21/slim">

  <leader>01541nam0a2200313   4500</leader>
  <controlfield tag="001">RU\NLR\ONL2\21123</controlfield>
  <controlfield tag="005">20250613132210.0</controlfield>
  <datafield tag="010" ind1=" " ind2=" ">
    <subfield code="a">978-5-91794-035-9</subfield>
    <subfield code="9">300</subfield>
  </datafield>
  <datafield tag="035" ind1=" " ind2=" ">
    <subfield code="a">(NLR Aleph) 009668707</subfield>
  </datafield>
  <datafield tag="090" ind1=" " ind2=" ">
    <subfield code="a">9650175</subfield>
    <subfield code="c">9650175</subfield>
  </datafield>
  <datafield tag="100" ind1=" " ind2=" ">
    <subfield code="a">20111017d2011    |||y0rusy50      ca</subfield>
  </datafield>
  <datafield tag="101" ind1="0" ind2=" ">
    <subfield code="a">sah</subfield>
    <subfield code="a">rus</subfield>
  </datafield>
  <datafield tag="102" ind1=" " ind2=" ">
    <subfield code="a">RU</subfield>
  </datafield>
  <datafield tag="105" ind1=" " ind2=" ">
    <subfield code="a">a |||||||||</subfield>
  </datafield>
  <datafield tag="200" ind1="1" ind2=" ">
    <subfield code="a">&#x41E;&#x43B;&#x43E;&#x433;&#x443; &#x43A;&#x44B;&#x442;&#x442;&#x430; &#x442;&#x44D;&#x43D;&#x43D;&#x44D; &#x445;&#x430;&#x440;&#x434;&#x44B;&#x44B;&#x43B;&#x430;&#x430;&#x43D;</subfield>
    <subfield code="e">(&#x423;&#x43E;h&#x44D;&#x44D; &#x411;&#x443;&#x43B;&#x443;&#x443;&#x442;&#x44D;&#x44D;&#x433;&#x438; &#x43E;&#x43B;&#x43E;&#x445;-&#x434;&#x44C;&#x430;h&#x430;&#x445;, &#x43A;&#x43E;&#x43C;&#x43C;&#x443;&#x43D;. &#x445;&#x430;h&#x430;&#x430;&#x439;&#x44B;&#x441;&#x442;&#x44B;&#x431;&#x430;&#x442;&#x430; &#x442;&#x44D;&#x440;&#x438;&#x43B;&#x43B;&#x438;&#x431;&#x438;&#x442;&#x44D; 55 &#x441;&#x44B;&#x43B;&#x44B;&#x433;&#x430;&#x440; &#x430;&#x43D;&#x430;&#x43D;&#x430;&#x440;)</subfield>
    <subfield code="f">&#x421;&#x430;&#x445;&#x430; &#x420;&#x435;&#x441;&#x43F;. &#x43E;&#x43B;&#x43E;&#x445;-&#x434;&#x44C;&#x430;h&#x430;&#x445;, &#x43A;&#x43E;&#x43C;&#x43C;&#x443;&#x43D;. &#x445;&#x430;h&#x430;&#x430;&#x439;&#x44B;&#x441;&#x442;&#x44B;&#x431;&#x430;&#x442;&#x44B;&#x43D; &#x423;&#x43E;h&#x44D;&#x44D; &#x411;&#x443;&#x43B;&#x443;&#x443;&#x442;&#x44D;&#x44D;&#x433;&#x438; &#x444;&#x438;&#x43B;.</subfield>
    <subfield code="g">[&#x445;&#x43E;&#x43C;&#x443;&#x439;&#x430;&#x43D; &#x43E;&#x43D;&#x43E;&#x440;&#x434;&#x443;&#x43B;&#x430;&#x440;: &#x412;. &#x412;. &#x41D;&#x438;&#x43A;&#x43E;&#x43B;&#x430;&#x448;&#x43A;&#x438;&#x43D;, &#x41C;. &#x41D;. &#x41C;&#x430;&#x43A;&#x441;&#x438;&#x43C;&#x43E;&#x432;&#x430;</subfield>
    <subfield code="g">&#x440;&#x435;&#x434;.: &#x412;. &#x412;.&#x41D;&#x438;&#x43A;&#x43E;&#x43B;&#x430;&#x448;&#x43A;&#x438;&#x43D;, &#x418;. &#x415;. &#x427;&#x44B;&#x447;&#x430;&#x445;&#x43E;&#x432;&#x430;]</subfield>
  </datafield>
  <datafield tag="210" ind1=" " ind2=" ">
    <subfield code="a">&#x414;&#x44C;&#x43E;&#x43A;&#x443;&#x443;&#x441;&#x43A;&#x430;&#x439;</subfield>
    <subfield code="c">&#x421;&#x444;&#x435;&#x440;&#x430;</subfield>
    <subfield code="d">2011</subfield>
  </datafield>
  <datafield tag="215" ind1=" " ind2=" ">
    <subfield code="a">207 &#x441;.,[8] &#x43B;. &#x438;&#x43B;.</subfield>
    <subfield code="c">&#x438;&#x43B;.</subfield>
    <subfield code="d">23</subfield>
  </datafield>
  <datafield tag="300" ind1=" " ind2=" ">
    <subfield code="a">&#x422;&#x435;&#x43A;&#x441;&#x442; &#x44F;&#x43A;&#x443;&#x442;., &#x440;&#x443;&#x441;.</subfield>
  </datafield>
  <datafield tag="541" ind1="1" ind2=" ">
    <subfield code="a">&#x428;&#x430;&#x433;&#x430;&#x44F; &#x432; &#x43D;&#x43E;&#x433;&#x443; &#x441;&#x43E; &#x432;&#x440;&#x435;&#x43C;&#x435;&#x43D;&#x435;&#x43C;</subfield>
    <subfield code="z">rus</subfield>
  </datafield>
  <datafield tag="607" ind1=" " ind2=" ">
    <subfield code="a">&#x421;&#x430;&#x445;&#x430; (&#x42F;&#x43A;&#x443;&#x442;&#x438;&#x44F;), &#x420;&#x435;&#x441;&#x43F;&#x443;&#x431;&#x43B;&#x438;&#x43A;&#x430;</subfield>
    <subfield code="x">&#x42D;&#x43A;&#x43E;&#x43D;&#x43E;&#x43C;&#x438;&#x43A;&#x430;</subfield>
    <subfield code="x">&#x41A;&#x443;&#x440;&#x441;&#x43E;&#x432;&#x44B;&#x435; &#x440;&#x430;&#x431;&#x43E;&#x442;&#x44B;</subfield>
    <subfield code="x">&#x41C;&#x435;&#x442;&#x43E;&#x434;&#x438;&#x43A;&#x430;</subfield>
    <subfield code="9">2083053</subfield>
    <subfield code="3">RU\NLR\auth\661259100</subfield>
  </datafield>
  <datafield tag="686" ind1="1" ind2=" ">
    <subfield code="a">&#x423;9(2&#x420;=6&#x42F;)441.3</subfield>
  </datafield>
  <datafield tag="702" ind1=" " ind2="1">
    <subfield code="a">&#x41D;&#x438;&#x43A;&#x43E;&#x43B;&#x430;&#x448;&#x43A;&#x438;&#x43D;</subfield>
    <subfield code="b">&#x412;. &#x412;.</subfield>
    <subfield code="g">&#x412;&#x430;&#x441;&#x438;&#x43B;&#x438;&#x439; &#x412;&#x438;&#x43A;&#x442;&#x43E;&#x440;&#x43E;&#x432;&#x438;&#x447;</subfield>
    <subfield code="4">220</subfield>
  </datafield>
  <datafield tag="801" ind1=" " ind2="0">
    <subfield code="a">RU</subfield>
    <subfield code="b">NLR</subfield>
    <subfield code="c">20111017</subfield>
    <subfield code="g">PSBO</subfield>
  </datafield>
  <datafield tag="852" ind1=" " ind2=" ">
    <subfield code="a">NLR</subfield>
    <subfield code="b">&#x41E;&#x41D;&#x41B;</subfield>
    <subfield code="j">&#x42F;&#x43A;&#x443;&#x442;./3-2713</subfield>
  </datafield>
  <datafield tag="942" ind1=" " ind2=" ">
    <subfield code="c">BOOK</subfield>
  </datafield>
  <datafield tag="980" ind1=" " ind2=" ">
    <subfield code="a">NB</subfield>
  </datafield>
  <datafield tag="980" ind1=" " ind2=" ">
    <subfield code="a">ONL_RF</subfield>
  </datafield>
  <datafield tag="995" ind1=" " ind2=" ">
    <subfield code="5">2013-10-26</subfield>
    <subfield code="b">NLR01</subfield>
    <subfield code="c">NLR01</subfield>
    <subfield code="e">ONL</subfield>
    <subfield code="f">1-1448034</subfield>
    <subfield code="k">&#x42F;&#x43A;&#x443;&#x442;./3-2713</subfield>
    <subfield code="o">0</subfield>
    <subfield code="r">BOOK</subfield>
    <subfield code="s">32713_</subfield>
  </datafield>
</record>
